Wszystkie skiny do SCAR-20 w CS:GO - Statystyki

Ogólne statystyki
  • Ten quiz został rozwiązany 6 razy
  • Średni wynik to 7 z 24
Statystyki odpowiedzi
Jakość Skin % Poprawnych
Niebieski Grotto
100%
Fioletowy Enforcer
67%
Różowy Bloodsport
50%
Różowy Splash Jam
50%
Niebieski Brass
33%
Różowy Cardiac
33%
Niebieski Crimson Web
33%
Różowy Cyrex
33%
Fioletowy Emerald
33%
Niebieski Green Marine
33%
Niebieski Outbreak
33%
Fioletowy Powercore
33%
Niebieski Army Sheen
17%
Niebieski Assault
17%
Niebieski Blueprint
17%
Niebieski Carbon Fiber
17%
Niebieski Contractor
17%
Niebieski Sand Mesh
17%
Niebieski Storm
17%
Niebieski Jungle Slipstream
0%
Niebieski Magna Carta
0%
Niebieski Palm
0%
Niebieski Stone Mosaico
0%
Niebieski Torn
0%
Nie znaleziono quizów pasujących do podanych kryteriów
Rozkład punktacji
Procent ludzi z każdym wynikiem
Percentyl według liczby udzielonych odpowiedzi
Twoja historia wyników
Nie rozwiązałeś tego quizu